Statistics for US States With The Best High Schools

Click here to take the quiz!

General Stats

  • This quiz has been taken 95 times
  • The average score is 16 of 20

Answer Stats

PlaceAnswer% Correct
9New York
93%
6Maryland
90%
2New Jersey
90%
5Connecticut
89%
14Virginia
89%
20Washington
89%
1Massachusetts
88%
3Vermont
88%
12Maine
86%
4New Hampshire
85%
18Delaware
84%
11Rhode Island
84%
16Illinois
83%
10Minnesota
80%
8Pennsylvania
80%
17Iowa
78%
13Wisconsin
73%
19Nebraska
68%
15North Dakota
64%
7Wyoming
58%

Score Distribution

Percentile by Number Answered

Percent of People with Each Score

Your Score History

You have not taken this quiz